Reglamentos

Detalles Bibliográficos
Formato: eBook
Lenguaje:español
Publicado: Espaą 2016
Materias:
Acceso en línea:Acceso restringido

MARC

LEADER 00000nam a22000007a 4500
005 20160413124016.0
007 cr|||| ||u|
008 160413s2016 sp jr||oo|||| 0||| 1spa d
035 |a 14072 
040 |a vLex  
090 |c 5982  |d 5982 
245 1 0 |a Reglamentos  |h [Recurso electrn̤ico] / 
256 |a Servicio en ln̕ea  
260 |a Espaą  |c 2016 
300 |a 1 recurso electrn̤ico  
506 1 |a Contenido solo disponible en los productos indicados   |d vLex Global  |d vLex Global (Academic Edition, excluding Law Schools)  |d vLex Global (U.S. Academic Edition, Law Schools)  |d vLex Global (U.S. Academic Edition, excluding Law Schools)  |d vLex Global (Academic Edition, Law Schools) 
650 0 4 |a Reglamentos  |z Espaą 
740 0 4 |a vLex revistas (servicio en ln̕ea)  
856 4 0 |u http://vlex.com/source/reglamentos-departamento-estado-14072  |z Acceso restringido 
942 |c REV 
999 0 |a Regulations  |b Spain